000 00267nam a2200085Ia 4500
245 0 _aThe complete idiot's guide to beating debt
100 _a STRAUSS, Steven D. Indianapolis, IN, 2003 2nd ed
_996562
942 _cBK
008 210818s9999 xx 000 0 und d
999 _c448903
_d448902